LEADER 03451nam 22007455 450 001 9910473447003321 005 20251113183541.0 010 $a981-334-400-8 024 7 $a10.1007/978-981-33-4400-6 035 $a(CKB)5590000000433612 035 $a(DE-He213)978-981-33-4400-6 035 $a(MiAaPQ)EBC6465590 035 $a(Au-PeEL)EBL6465590 035 $a(OCoLC)1236265635 035 $a(oapen)https://directory.doabooks.org/handle/20.500.12854/63697 035 $a(PPN)253252083 035 $a(ODN)ODN0010072684 035 $a(oapen)doab63697 035 $a(EXLCZ)995590000000433612 100 $a20210128d2021 u| 0 101 0 $aeng 135 $aurnn#008mamaa 181 $ctxt$2rdacontent 182 $cc$2rdamedia 183 $acr$2rdacarrier 200 10$aProceedings of the 2020 DigitalFUTURES $eThe 2nd International Conference on Computational Design and Robotic Fabrication (CDRF 2020) /$fedited by Philip F. Yuan, Jiawei Yao, Chao Yan, Xiang Wang, Neil Leach 205 $a1st ed. 2021. 210 1$aSingapore :$cSpringer Nature Singapore :$cImprint: Springer,$d2021. 215 $a1 online resource (XI, 322 p. 281 illus., 231 illus. in color.) 311 1 $a981-334-399-0 327 $aMachine Thinking -- Digital Design History and Theory -- Philosophy of Technology -- Machine Seeing -- Data Gathering -- Simulation Technique -- Interactive Environment -- Machine Learning -- Generative Morphology -- Design Neural Networks -- AI Design -- Machine Making -- Automated Fabrication -- Robotics -- Human-Machine Collaboration. 330 $aThis open access book is a compilation of selected papers from 2020 DigitalFUTURES?The 2nd International Conference on Computational Design and Robotic Fabrication (CDRF 2020). The book focuses on novel techniques for computational design and robotic fabrication. The contents make valuable contributions to academic researchers, designers, and engineers in the industry. As well, readers will encounter new ideas about understanding intelligence in architecture. 606 $aAutomatic control 606 $aRobotics 606 $aAutomation 606 $aComputer-aided engineering 606 $aComputer simulation 606 $aControl, Robotics, Automation 606 $aComputer-Aided Engineering (CAD, CAE) and Design 606 $aComputer Modelling 606 $aRobotics 615 0$aAutomatic control. 615 0$aRobotics. 615 0$aAutomation. 615 0$aComputer-aided engineering. 615 0$aComputer simulation. 615 14$aControl, Robotics, Automation. 615 24$aComputer-Aided Engineering (CAD, CAE) and Design. 615 24$aComputer Modelling. 615 24$aRobotics. 676 $a629.892 686 $aCOM007000$aCOM072000$aTEC037000$2bisacsh 700 $aYuan$b Philip F$4edt$01239389 702 $aYuan$b Philip F.$4edt$4http://id.loc.gov/vocabulary/relators/edt 702 $aYao$b Jiawei$f1951-$4edt$4http://id.loc.gov/vocabulary/relators/edt 702 $aYan$b Chao$4edt$4http://id.loc.gov/vocabulary/relators/edt 702 $aWang$b Xiang$4edt$4http://id.loc.gov/vocabulary/relators/edt 702 $aLeach$b Neil$4edt$4http://id.loc.gov/vocabulary/relators/edt 801 0$bMiAaPQ 801 1$bMiAaPQ 801 2$bMiAaPQ 906 $aBOOK 912 $a9910473447003321 996 $aProceedings of the 2020 DigitalFUTURES$93362186 997 $aUNINA